000 00965nam a22002417a 4500
003 OSt
005 20260421082331.0
008 260421b |||||||| |||| 00| 0 eng d
040 _aLC
_cUNZA
_dUNZA
_eRDA
050 _aBV3625
_bHEN 1968
100 _a Henderson, James,
_d 1867-1930
_e Dr.
245 _aForerunners of modern Malawi :
_b the early missionary adventures of Dr. James Henderson 1895-1898, /
_cJames, Henderson,
260 _aLovedale Press :
_b [Alice],
_c1968.
300 _a301 pages :
_billustrations.
504 _aincludes an index.
650 _aFree Church of Scotland
_xMissions
_xHistory
_x19th century
_zMalawi.
650 _aMissions
_xHistory
_x19th century
_zMalawi.
650 _aMissionaries
_xBiography
_zMalawi.
650 _aMissionaries
_xBiography
_zScotland.
700 _a by M. M. S. Ballantyne
_eEditor.
_qMargaret Mary Serena.
700 _a R. H. W. Shepherd.
_d1888-1971.
_eEditor.
_qRobert Henry Wishart.
942 _cZAMBIANA
999 _c216631
_d216631